|
|
|
|
| LEADER |
00000nab a2200000 a 4500 |
| 001 |
vtls000501093 |
| 003 |
SK-MaSNL |
| 005 |
20260304233759.0 |
| 008 |
131029c1993 xo 0 slo |
| 015 |
|
|
|a SNBRB19rr/mm-uuuuu
|
| 035 |
|
|
|a CL0501231
|
| 040 |
|
|
|a SNKBUCL
|b slo
|c SNKBUCL
|e AACR2
|
| 041 |
0 |
|
|a slo
|
| 044 |
|
|
|a xo
|c SK
|
| 080 |
|
|
|a 235.3
|2 1981
|
| 100 |
1 |
|
|a Minárik, Jozef,
|d 1922-2008
|4 aut
|9 119628
|
| 245 |
1 |
0 |
|a Tri matičné knižné publikácie
|c Jozef Minárik
|
| 600 |
0 |
7 |
|a Gorazd,
|c svätý,
|d činný 9. storočie
|2 snkbucl
|9 157807
|
| 655 |
|
7 |
|a biografie
|2 snkbucl
|9 27965
|
| 655 |
|
7 |
|a články z novín a časopisov
|2 snkbucl
|9 267496
|
| 655 |
|
7 |
|a recenzie
|2 snkbucl
|9 21907
|
| 773 |
0 |
|
|t Slovenské pohľady
|g Roč. 4+109, č. 10 (1993), s. 142-144
|
| 787 |
0 |
8 |
|i Rec.:
|a Bagin, Anton
|t Život Gorazda
|d Martin : Matica slovenská, 1992
|
| 850 |
|
|
|a Slovenská národná knižnica v Martine
|a MTA001
|
| 852 |
|
|
|a SNK
|b KIS3GCP
|
| 958 |
|
|
|a RK
|
| 992 |
|
|
|a RBX
|
| 999 |
|
|
|c 3200213
|d 3202143
|